000 01408ngm a22003850a 4500
001 PT36188
003 AR-LpoUNG
005 20210202000501.0
007 vd cvaizq
008 191001s2005||||ag |||||||||||||||||spa d
037 _c$7.05
040 _aAR-LpoUNG
_bspa
_cAR-LpoUNG
_eaacr
041 _aspa
044 _aag
082 0 _a982.06 775ca
100 1 _aStagnaro, Juan Bautista
_edir.
245 1 0 _aCasas de fuego
260 _aBuenos Aires :
_bSBP,
_c2005.
300 _aDVD (111 min.) : son., col.
505 0 _aCon la actuación de Miguel Angel Solá, Pastora Vega, Carola Reyna y Carolina Fal
520 _aA mediados de los años 20 el doctor Salvador Mazza viaja a Jujuy junto a su esposa para buscar un remdio para el mal de Chagas. El médico sostiene que las investigaciones deben realizarse regionalmente, lejos de los grandes hospitales capitalinos y cerca de los enfermos, mientras advierte que la raíz del mal es social (lo padecen los pobres) y no meramente un hecho clínico. Esto desencadenará una batalla tanto científica como moral.
650 4 _aARGENTINA
650 4 _aBIOGRAFIAS
650 4 _aETICA
650 4 _aHISTORIA
650 4 _aINVESTIGACION
650 4 _aPOLITICA
650 4 _aPROBLEMAS SOCIALES
650 4 _aSALUD
650 4 _aSISTEMA DE VALORES
653 _aCINE ARGENTINO
653 _aVIDEOS
905 _a36188
942 _cDVD
999 _c54940
_d54940